000 01396nam a2200373 a 4500
001 ebr10255478
003 CaPaEBR
006 m u
007 cr cn|||||||||
008 071109s2008 njua sb 001 0 eng
010 _z 2007045602
020 _z9789812705730
020 _z9812705732
040 _aCaPaEBR
_cCaPaEBR
035 _a(OCoLC)262621607
043 _aa------
050 1 4 _aHG187.A2
_bR36 2008eb
082 0 4 _a337.5
_222
100 1 _aRajan, Ramkishen S.
245 1 0 _aAsia in the global economy
_h[electronic resource] :
_bfinance, trade and investment /
_cRamkishen S. Rajan, Sunil Rongala.
260 _aHackensack, NJ :
_bWorld Scientific Pub.,
_cc2008.
300 _axii, 260 p. :
_bill.
504 _aIncludes bibliographical references and index.
533 _aElectronic reproduction.
_bPalo Alto, Calif. :
_cebrary,
_d2013.
_nAvailable via World Wide Web.
_nAccess may be limited to ebrary affiliated libraries.
650 0 _aFinance
_zAsia.
650 0 _aInternational economic relations.
651 0 _aAsia
_xForeign economic relations.
651 0 _aAsia
_xCommerce.
651 0 _aAsia
_xEconomic conditions.
655 7 _aElectronic books.
_2local
700 1 _aRongala, Sunil.
710 2 _aebrary, Inc.
856 4 0 _uhttp://site.ebrary.com/lib/rucke/Doc?id=10255478
_zAn electronic book accessible through the World Wide Web; click to view
999 _c14242
_d14242